<?xml version="1.0" encoding="UTF-8"?>
<record
    xmlns:xsi="http://www.w3.org/2001/XMLSchema-instance"
    xsi:schemaLocation="http://www.loc.gov/MARC21/slim http://www.loc.gov/standards/marcxml/schema/MARC21slim.xsd"
    xmlns="http://www.loc.gov/MARC21/slim">

  <leader>00393nam a22001337a 4500</leader>
  <datafield tag="082" ind1=" " ind2=" ">
    <subfield code="a">347.4206</subfield>
    <subfield code="b">MUS</subfield>
  </datafield>
  <datafield tag="100" ind1=" " ind2=" ">
    <subfield code="a">Mushtaq, Mian Imran</subfield>
  </datafield>
  <datafield tag="245" ind1=" " ind2=" ">
    <subfield code="a">The Qanun-E-Shahdat Order, 1984:</subfield>
    <subfield code="b">[10 of 1984] /</subfield>
    <subfield code="c">Mian Imran Mushtaq</subfield>
  </datafield>
  <datafield tag="260" ind1=" " ind2=" ">
    <subfield code="a">Lahore :</subfield>
    <subfield code="b">Irfan Law Book House,</subfield>
    <subfield code="c">2023.</subfield>
  </datafield>
  <datafield tag="300" ind1=" " ind2=" ">
    <subfield code="a">75 p.</subfield>
  </datafield>
  <datafield tag="563" ind1=" " ind2=" ">
    <subfield code="a">HB.</subfield>
  </datafield>
  <datafield tag="650" ind1=" " ind2=" ">
    <subfield code="a">Law, Qanun e Shahdat Order, 1984</subfield>
    <subfield code="9">128280</subfield>
  </datafield>
  <datafield tag="942" ind1=" " ind2=" ">
    <subfield code="2">ddc</subfield>
    <subfield code="c">BK</subfield>
  </datafield>
  <datafield tag="999" ind1=" " ind2=" ">
    <subfield code="c">613301</subfield>
    <subfield code="d">613301</subfield>
  </datafield>
  <datafield tag="952" ind1=" " ind2=" ">
    <subfield code="0">0</subfield>
    <subfield code="1">0</subfield>
    <subfield code="2">ddc</subfield>
    <subfield code="4">0</subfield>
    <subfield code="6">347_420600000000000_MUS</subfield>
    <subfield code="7">0</subfield>
    <subfield code="9">638639</subfield>
    <subfield code="a">NLS</subfield>
    <subfield code="b">NLS</subfield>
    <subfield code="d">2025-03-13</subfield>
    <subfield code="l">1</subfield>
    <subfield code="o">347.4206 MUS</subfield>
    <subfield code="p">NLS-1221</subfield>
    <subfield code="q">2025-10-31</subfield>
    <subfield code="r">2025-10-01</subfield>
    <subfield code="s">2025-10-01</subfield>
    <subfield code="w">2025-03-13</subfield>
    <subfield code="y">BK</subfield>
  </datafield>
  <datafield tag="952" ind1=" " ind2=" ">
    <subfield code="0">0</subfield>
    <subfield code="1">0</subfield>
    <subfield code="2">ddc</subfield>
    <subfield code="4">0</subfield>
    <subfield code="6">347_420600000000000_MUS</subfield>
    <subfield code="7">0</subfield>
    <subfield code="9">638640</subfield>
    <subfield code="a">NLS</subfield>
    <subfield code="b">NLS</subfield>
    <subfield code="d">2025-03-13</subfield>
    <subfield code="l">0</subfield>
    <subfield code="o">347.4206 MUS</subfield>
    <subfield code="p">NLS-1222</subfield>
    <subfield code="r">2025-03-13</subfield>
    <subfield code="w">2025-03-13</subfield>
    <subfield code="y">BK</subfield>
  </datafield>
  <datafield tag="952" ind1=" " ind2=" ">
    <subfield code="0">0</subfield>
    <subfield code="1">0</subfield>
    <subfield code="2">ddc</subfield>
    <subfield code="4">0</subfield>
    <subfield code="6">347_420600000000000_MUS</subfield>
    <subfield code="7">0</subfield>
    <subfield code="9">638641</subfield>
    <subfield code="a">NLS</subfield>
    <subfield code="b">NLS</subfield>
    <subfield code="d">2025-03-13</subfield>
    <subfield code="l">0</subfield>
    <subfield code="o">347.4206 MUS</subfield>
    <subfield code="p">NLS-1223</subfield>
    <subfield code="r">2025-03-13</subfield>
    <subfield code="w">2025-03-13</subfield>
    <subfield code="y">BK</subfield>
  </datafield>
  <datafield tag="952" ind1=" " ind2=" ">
    <subfield code="0">0</subfield>
    <subfield code="1">0</subfield>
    <subfield code="2">ddc</subfield>
    <subfield code="4">0</subfield>
    <subfield code="6">347_420600000000000_MUS</subfield>
    <subfield code="7">0</subfield>
    <subfield code="9">638642</subfield>
    <subfield code="a">NLS</subfield>
    <subfield code="b">NLS</subfield>
    <subfield code="d">2025-03-13</subfield>
    <subfield code="l">0</subfield>
    <subfield code="o">347.4206 MUS</subfield>
    <subfield code="p">NLS-1224</subfield>
    <subfield code="r">2025-03-13</subfield>
    <subfield code="w">2025-03-13</subfield>
    <subfield code="y">BK</subfield>
  </datafield>
  <datafield tag="952" ind1=" " ind2=" ">
    <subfield code="0">0</subfield>
    <subfield code="1">0</subfield>
    <subfield code="2">ddc</subfield>
    <subfield code="4">0</subfield>
    <subfield code="6">347_420600000000000_MUS</subfield>
    <subfield code="7">0</subfield>
    <subfield code="9">640687</subfield>
    <subfield code="a">NLS</subfield>
    <subfield code="b">NLS</subfield>
    <subfield code="d">2025-06-28</subfield>
    <subfield code="l">0</subfield>
    <subfield code="o">347.4206 MUS</subfield>
    <subfield code="p">NLS-2546</subfield>
    <subfield code="r">2025-06-28</subfield>
    <subfield code="w">2025-06-28</subfield>
    <subfield code="y">BK</subfield>
  </datafield>
  <datafield tag="952" ind1=" " ind2=" ">
    <subfield code="0">0</subfield>
    <subfield code="1">0</subfield>
    <subfield code="2">ddc</subfield>
    <subfield code="4">0</subfield>
    <subfield code="6">347_420600000000000_MUS</subfield>
    <subfield code="7">0</subfield>
    <subfield code="9">640688</subfield>
    <subfield code="a">NLS</subfield>
    <subfield code="b">NLS</subfield>
    <subfield code="d">2025-06-28</subfield>
    <subfield code="l">0</subfield>
    <subfield code="o">347.4206 MUS</subfield>
    <subfield code="p">NLS-2547</subfield>
    <subfield code="r">2025-06-28</subfield>
    <subfield code="w">2025-06-28</subfield>
    <subfield code="y">BK</subfield>
  </datafield>
  <datafield tag="952" ind1=" " ind2=" ">
    <subfield code="0">0</subfield>
    <subfield code="1">0</subfield>
    <subfield code="2">ddc</subfield>
    <subfield code="4">0</subfield>
    <subfield code="6">347_420600000000000_MUS</subfield>
    <subfield code="7">0</subfield>
    <subfield code="9">640689</subfield>
    <subfield code="a">NLS</subfield>
    <subfield code="b">NLS</subfield>
    <subfield code="d">2025-06-28</subfield>
    <subfield code="l">0</subfield>
    <subfield code="o">347.4206 MUS</subfield>
    <subfield code="p">NLS-2548</subfield>
    <subfield code="r">2025-06-28</subfield>
    <subfield code="w">2025-06-28</subfield>
    <subfield code="y">BK</subfield>
  </datafield>
  <datafield tag="952" ind1=" " ind2=" ">
    <subfield code="0">0</subfield>
    <subfield code="1">0</subfield>
    <subfield code="2">ddc</subfield>
    <subfield code="4">0</subfield>
    <subfield code="6">347_420600000000000_MUS</subfield>
    <subfield code="7">0</subfield>
    <subfield code="9">640690</subfield>
    <subfield code="a">NLS</subfield>
    <subfield code="b">NLS</subfield>
    <subfield code="d">2025-06-28</subfield>
    <subfield code="l">1</subfield>
    <subfield code="o">347.4206 MUS</subfield>
    <subfield code="p">NLS-2549</subfield>
    <subfield code="q">2025-11-28</subfield>
    <subfield code="r">2025-10-29</subfield>
    <subfield code="s">2025-10-29</subfield>
    <subfield code="w">2025-06-28</subfield>
    <subfield code="y">BK</subfield>
  </datafield>
</record>
